000
00262nam a2200121Ia 4500
100
_a
#N/A
942
_c
BK
245
_a
Microprocessors: From Assembly Language in C using the PIC18FXX2
260
_b
#N/A
082
_b
21967
546
_a
ENGLISH
999
_c
20834
_d
20834